Search the Library Catalogue
| 000 -LEADER | |
|---|---|
| fixed length control field | 00806nam a2200241Ia 4500 |
| 008 - FIXED-LENGTH DATA ELEMENTS--GENERAL INFORMATION | |
| fixed length control field | 191130s1996##################000#0#eng## |
| 020 ## - INTERNATIONAL STANDARD BOOK NUMBER | |
| International Standard Book Number | 0198291949 |
| 022 ## - INTERNATIONAL STANDARD SERIAL NUMBER | |
| International Standard Serial Number | 96222615 |
| 040 ## - CATALOGING SOURCE | |
| Original cataloging agency | ACL |
| Transcribing agency | ACL |
| 082 ## - DEWEY DECIMAL CLASSIFICATION NUMBER | |
| Classification number | 327.174 NUC |
| 245 ## - TITLE STATEMENT | |
| Title | Nuclear weapons after the comprehensive test ban : implications for modernization and proliferation |
| Statement of responsibility, etc. | edited by Eric Arnett |
| 260 ## - PUBLICATION, DISTRIBUTION, ETC. | |
| Place of publication, distribution, etc. | Oxford |
| Name of publisher, distributor, etc. | Oxford University Press, SIPRI |
| Date of publication, distribution, etc. | 1996 |
| 300 ## - PHYSICAL DESCRIPTION | |
| Extent | x, 150 p. ; 24 cm |
| 500 ## - GENERAL NOTE | |
| General note | Includes bibliographical references and index |
| 650 ## - SUBJECT ADDED ENTRY--TOPICAL TERM | |
| Topical term or geographic name entry element | Nuclear arms control |
| Topical term or geographic name entry element | Nuclear nonproliferation |
| Topical term or geographic name entry element | Nuclear weapons - Government policy |
| Topical term or geographic name entry element | Nuclear weapons - Testing |
| 700 ## - ADDED ENTRY--PERSONAL NAME | |
| Personal name | Arnett, Eric H |
| 990 ## - EQUIVALENCES OR CROSS-REFERENCES [LOCAL, CANADA] | |
| Link information for 9XX fields | 25ea94c5ac10000c52d29c0c51dcb328 |
| 991 ## - | |
| -- | 21834 |
| Withdrawn status | Lost status | Materials specified (bound volume or other part) | Damaged status | Not for loan | Home library | Current library | Shelving location | Date acquired | Total Checkouts | Full call number | Barcode | Date last seen | Price effective from | Koha item type |
|---|---|---|---|---|---|---|---|---|---|---|---|---|---|---|
| pbk | Anna Centenary Library | Anna Centenary Library | 3RD FLOOR, B WING | 09.10.2020 | 327.174 NUC | 152722 | 09.10.2020 | 09.10.2020 | English Books |